000
00219nam a22000857a 4500
008
161212b xxu||||| |||| 00| 0 eng d
100
_9
2002
_a
NCERT
245
_a
Social Science(History) -VIII
260
_a
New Delhi
_b
NCERT
_c
2008
999
_c
4850
_d
4850